| 000 | 00642cam a22001697i 4500 | ||
|---|---|---|---|
| 020 | _a9789995052591 | ||
| 040 | _cDLC | ||
| 082 | _a338 CDR 2011 C153 Or. | ||
| 100 | 0 | _aJhāt Sʹrāṅ, | |
| 245 | 1 | 2 |
_aA baseline survey of sub-national government : _btowards a better understanding of decentralisation and deconcentration in Cambodia / |
| 300 |
_a1 online resource (xii, 72 pages) : _bPDF |
||
| 490 | 0 | _aSpecial report ; | |
| 500 | _a"December 2011." | ||
| 710 | 2 | _aVidyāsthān Paṇṭuḥ Paṇṭāl niṅ Srāvjrāv ṭoempī Qabhivaḍḍhn ̊Kambujā. | |
| 856 | 4 | 1 | _uhttps://hdl.loc.gov/loc.gdc/gdcovop.2013341198 |
| 942 | _cAEDBB | ||
| 999 |
_c18862 _d18862 |
||